000
00263nam a2200109Ia 4500
008
220204s9999 xx 000 0 und d
082
_a
621.315
_b
SMI
100
_a
Smith, R L
245
0
_a
Electical wiring industrial
260
_a
New York
_b
VNR
_c
1977
942
_c
BK
999
_c
27132
_d
27132